[Event "Challenge"]
[Site "http://www.queenalice.com/game.php?id=409172"]
[Date "2008.5.27"]
[Round "-"]
[White "mshelenb"]
[Black "newblockader"]
[Result "0-1"]
[WhiteElo "1057"]
[BlackElo "1346"]

1. e4 e5 2. Nf3 Nc6 3. Bb5 Nf6 4. Nc3 d5 5. exd5 Nxd5 6. O-O Bd7 7. Nxd5 Bg4 8.
h3 Qxd5 9. c4 Bxf3 10. Qxf3 Qxf3 11. gxf3 Bc5 12. d3 O-O 13. h4 Rad8 14. Bg5
Rxd3 15. Rad1 Rxf3 16. Kg2 Rf5 17. Rfe1 Bxf2 18. Rf1 h6 19. Rxf2 Rxf2+ 20. Kxf2
hxg5 21. hxg5 Nb4 22. a3 Nc2 23. a4 c6 24. Rc1 Na3 25. bxa3 cxb5 26. axb5 Rd8
27. Re1 f6 28. g6 Kf8 29. b6 axb6 30. Rb1 Rd6 31. Rc1 Rd3 32. Ra1 e4 33. Re1 f5
34. Re3 Ke7 35. Ke2 Kf6 36. Rg3 Rxg3 0-1

[Event "HFHGHEHGOHIOIER"]
[Site "http://www.queenalice.com/game.php?id=409567"]
[Date "2008.5.28"]
[Round "-"]
[White "perucona"]
[Black "mshelenb"]
[Result "1-0"]
[WhiteElo "1496"]
[BlackElo "1080"]

1. e4 e5 2. d4 Nc6 3. d5 Nd4 4. c3 Nb5 5. Bxb5 a6 6. Bc4 d6 7. Nf3 Bg4 8. O-O
Nf6 9. Bg5 c6 10. dxc6 Qb6 11. Bxf6 gxf6 12. Na3 Qxb2 13. Nc2 Rg8 14. Rb1 Qxc3
15. Be2 bxc6 16. Nd2 d5 17. exd5 cxd5 18. Rb3 Qa5 19. Qb1 Qxd2 20. f3 Bh5 21.
Rb8+ Rxb8 22. Qxb8+ Ke7 23. Qb7+ Ke6 24. Qxa6+ Kf5 25. g4+ Kg5 26. f4+ Kh4 27.
Rf2 Bxg4 28. Bxg4 Rxg4+ 29. Kf1 Qc1+ 30. Ne1 Bb4 31. Qe2 exf4 32. Rf3 Bxe1 33.
Qxe1+ Qxe1+ 34. Kxe1 Rg1+ 35. Kf2 Rh1 36. a4 Rxh2+ 37. Kg1 Rh3 38. Rxh3+ Kxh3
39. a5 f3 40. a6 Kg3 41. a7 f2+ 42. Kf1 d4 43. a8=Q d3 44. Qd8 h5 45. Qxd3+ 1-0

[Event "Challenge"]
[Site "http://www.queenalice.com/game.php?id=409846"]
[Date "2008.5.28"]
[Round "-"]
[White "frederico"]
[Black "mshelenb"]
[Result "0-1"]
[WhiteElo "977"]
[BlackElo "1075"]

1. e4 c5 2. Nh3 Nf6 3. Nc3 e5 4. Bc4 d6 5. Ng5 d5 6. exd5 Nxd5 7. Bxd5 f6 8. Nf7
Qa5 9. Nxh8 g6 10. Nxg6 hxg6 11. Ne4 Bf5 12. Nxf6+ Ke7 13. Bxb7 Nd7 0-1

[Event "Challenge"]
[Site "http://www.queenalice.com/game.php?id=409847"]
[Date "2008.5.28"]
[Round "-"]
[White "mshelenb"]
[Black "frederico"]
[Result "1-0"]
[WhiteElo "1045"]
[BlackElo "977"]

1. e4 Nh6 2. Nc3 d6 3. d4 Ng4 4. f3 Nf6 5. Bb5+ c6 6. Ba4 b5 7. Nxb5 Bd7 8. Bf4
cxb5 9. Bb3 Qa5+ 10. c3 Nc6 11. Bg3 b4 12. Ne2 1-0

[Event "Invitation"]
[Site "http://www.queenalice.com/game.php?id=413128"]
[Date "2008.6.4"]
[Round "-"]
[White "Fauquinelle"]
[Black "mshelenb"]
[Result "1-0"]
[WhiteElo "1868"]
[BlackElo "1045"]

1. d4 d5 2. c4 dxc4 3. Nf3 e6 4. Qa4+ c6 5. Qxc4 Qa5+ 6. Bd2 Qb6 7. Qc2 Bd6 8.
Nc3 Nf6 9. e4 e5 10. dxe5 Ng4 11. exd6 Qxf2+ 12. Kd1 Qxf3+ 13. gxf3 Nf2+ 14. Ke2
Nxh1 15. Bg2 Ng3+ 16. hxg3 b6 17. Nd5 a5 18. Qxc6+ Nxc6 19. Nc7+ Kd7 20. Nxa8
Kxd6 21. Bf4+ Ne5 22. Nxb6 Ba6+ 23. Ke3 Rb8 24. Na4 f6 25. Rd1+ Ke7 26. b3 Be2
27. Bxe5 fxe5 28. Rd5 Bb5 29. Rxe5+ Kd6 30. f4 g6 31. Nc3 Bc6 32. Bh3 h5 33.
Re6+ Kc5 34. Rxg6 Kb4 35. Rxc6 Ka3 36. Rc4 Kb2 37. Bf5 1-0

[Event "Challenge"]
[Site "http://www.queenalice.com/game.php?id=415448"]
[Date "2008.6.9"]
[Round "-"]
[White "xSmashOrBeSmashedx"]
[Black "mshelenb"]
[Result "1-0"]
[WhiteElo "1697"]
[BlackElo "1100"]

1. e4 e5 2. d4 exd4 3. c3 c5 4. Bc4 Nf6 5. Bg5 Qa5 6. Nf3 Bd6 7. e5 Bxe5 8. Nxe5
d6 9. Nxf7 O-O 10. Nxd6+ Nd5 11. Bxd5+ 1-0

[Event "Challenge"]
[Site "http://www.queenalice.com/game.php?id=428079"]
[Date "2008.7.5"]
[Round "-"]
[White "GingerFox"]
[Black "mshelenb"]
[Result "1-0"]
[WhiteElo "1244"]
[BlackElo "1100"]

1. e4 g6 2. Qf3 Nf6 3. Bc4 e6 4. e5 Nd5 5. Nh3 Bc5 6. Ng5 Qxg5 7. h4 Qxe5+ 8.
Qe2 Nf4 9. Qxe5 d6 10. Qxh8+ Kd7 11. Qxh7 Ke7 12. d4 Bxd4 13. Bxf4 e5 14. Qxf7+
Kd8 15. Bg5# 1-0

[Event "Challenge"]
[Site "http://www.queenalice.com/game.php?id=437460"]
[Date "2008.7.23"]
[Round "-"]
[White "mshelenb"]
[Black "xSmashOrBeSmashedx"]
[Result "0-1"]
[WhiteElo "1057"]
[BlackElo "1675"]

1. d4 e5 2. e4 exd4 3. Nf3 c5 4. c4 d6 5. Bg5 Be7 6. Bd3 Bxg5 7. Nxg5 Qxg5 8. g3
Nf6 9. f4 Qg4 10. Qa4+ Bd7 11. Qb3 Bc6 12. Be2 Qe6 13. Nd2 Nxe4 14. O-O-O Nf2
15. Rdf1 Nxh1 16. f5 Qxe2 0-1

[Event "Challenge"]
[Site "http://www.queenalice.com/game.php?id=447813"]
[Date "2008.8.12"]
[Round "-"]
[White "mshelenb"]
[Black "GingerFox"]
[Result "0-1"]
[WhiteElo "1100"]
[BlackElo "1217"]

1. d4 e6 2. e4 Nf6 3. e5 Nd5 4. Nc3 Bb4 5. Bd2 O-O 6. Qh5 Nc6 7. Bc4 Nxd4 8.
O-O-O c6 9. Nf3 d6 10. exd6 Qxd6 11. Ne4 b5 12. Bxd5 Qe7 13. Bxc6 Nxc6 14. Bg5
Qc7 15. a3 Ba5 16. Rhe1 e5 17. Bh4 Be6 18. Nfg5 h6 19. Nf3 Ne7 20. b4 Rac8 21.
Nd6 Qxc2# 0-1

[Event "NL Challenge"]
[Site "http://www.queenalice.com/game.php?id=448055"]
[Date "2008.8.13"]
[Round "-"]
[White "EternalChess"]
[Black "mshelenb"]
[Result "1-0"]
[WhiteElo "1651"]
[BlackElo "1057"]

1. e4 e5 2. Nf3 Nc6 3. d4 exd4 4. Nxd4 Bb4+ 5. c3 Ba5 6. Bb5 Nf6 7. Bxc6 b6 8.
Bxa8 c6 9. Nf5 d5 10. Bxc6+ Bd7 11. Bxd7+ Kxd7 12. Qa4+ Ke6 13. f3 d4 14. Qc6+
1-0

[Event "Challenge"]
[Site "http://www.queenalice.com/game.php?id=455460"]
[Date "2008.8.29"]
[Round "-"]
[White "mshelenb"]
[Black "newblockader"]
[Result "0-1"]
[WhiteElo "1080"]
[BlackElo "1633"]

1. e4 g6 2. Nc3 Bg7 3. d4 Nf6 4. Bg5 O-O 5. Nf3 d6 6. Bc4 c5 7. O-O Nc6 8. d5
Ne5 9. b3 Nxc4 10. bxc4 Nxe4 11. Nxe4 Bxa1 12. Qxa1 Qd7 13. Bh6 f6 14. h3 Re8
15. Ng3 e5 0-1

[Event "Challenge"]
[Site "http://www.queenalice.com/game.php?id=457343"]
[Date "2008.9.2"]
[Round "-"]
[White "mshelenb"]
[Black "Fauquinelle"]
[Result "0-1"]
[WhiteElo "1080"]
[BlackElo "1820"]

1. e4 c5 2. Bc4 Nc6 3. Nf3 e6 4. Nc3 g6 5. d3 Bg7 6. Bg5 Qb6 7. Na4 Qa5+ 8. c3
b5 9. Bb3 bxa4 10. Bxa4 Rb8 11. O-O Ba6 12. b4 cxb4 13. cxb4 Qxb4 14. Rb1 Qxb1
15. Qxb1 Rxb1 16. Rxb1 Nge7 17. Bxc6 Nxc6 18. Rc1 O-O 19. d4 Nxd4 20. Nxd4 Bxd4
21. Rc2 Rb8 22. Bf4 e5 23. Bc1 Bd3 24. Rb2 Rxb2 25. Bxb2 Bxb2 0-1

[Event "Challenge"]
[Site "http://www.queenalice.com/game.php?id=476471"]
[Date "2008.10.12"]
[Round "-"]
[White "GingerFox"]
[Black "mshelenb"]
[Result "1-0"]
[WhiteElo "1316"]
[BlackElo "1080"]

1. e4 g6 2. Nf3 Nf6 3. Bc4 Nxe4 4. Ne5 d5 5. Bb3 Bg7 6. Ba4+ Nd7 7. Nxd7 Bxd7 8.
Qg4 e6 9. Bb3 O-O 10. h4 Bd4 11. h5 e5 12. Qe2 Nxf2 13. Rh2 a6 14. hxg6 fxg6 15.
c3 Bc5 16. d4 exd4 17. Bxd5+ Kh8 18. Qe5+ Rf6 19. cxd4 Bb4+ 20. Nc3 Bd6 21. Qg5
Kg7 22. Qh4 Nd3+ 23. Kd2 Nf2 24. Qh6+ Kh8 25. Qxh7# 1-0

[Event "Challenge"]
[Site "http://www.queenalice.com/game.php?id=476472"]
[Date "2008.10.12"]
[Round "-"]
[White "mshelenb"]
[Black "GingerFox"]
[Result "0-1"]
[WhiteElo "1071"]
[BlackElo "1330"]

1. d4 Nf6 2. c4 e6 3. Bg5 Bb4+ 4. Nc3 h6 5. Bh4 g5 6. Bg3 Bxc3+ 7. bxc3 Ne4 8.
e3 Nxc3 9. Qc2 Nxa2 10. Qxa2 Nc6 11. Bd3 Nb4 12. Qa3 Nxd3+ 13. Qxd3 Qf6 14. Nf3
d6 15. O-O Bd7 16. h3 O-O-O 17. Rfb1 Bc6 18. Rxa7 b6 19. Ne5 dxe5 20. Rd1 Qe7
21. Rda1 Qb4 22. d5 Be8 23. Rb1 Qc5 24. Bxe5 Kb8 25. Rba1 Kc8 26. dxe6 Rxd3 27.
Ra8+ Kb7 28. R1a7+ Kc6 29. Bxc7 Rd1+ 0-1

[Event "Challenge"]
[Site "http://www.queenalice.com/game.php?id=480149"]
[Date "2008.10.20"]
[Round "-"]
[White "newblockader"]
[Black "mshelenb"]
[Result "1-0"]
[WhiteElo "1764"]
[BlackElo "1071"]

1. Nf3 d5 2. e3 Bg4 3. Be2 Nf6 4. O-O e6 5. d4 Bb4 6. c3 Ba5 7. Ne5 h5 8. Nxg4
hxg4 9. Qa4+ c6 10. Nd2 b5 11. Qc2 Qc7 12. e4 Rxh2 13. g3 Nxe4 14. Kxh2 Qd8 15.
Nxe4 dxe4 16. Qxe4 f5 17. Qxe6+ Qe7 18. Qxf5 Qd7 19. Qxd7+ Nxd7 20. Bxg4 Nf6 21.
Bf3 Kd7 22. Bg5 Rh8+ 23. Kg2 b4 24. Rac1 Nd5 25. c4 Nf6 26. Rh1 Nh7 27. Bg4+ Kd6
28. Bf4+ Ke7 29. Rce1+ Kf7 30. Re5 Bc7 31. Re4 1-0